[Event "2nd Easter 4NCL Congress"]
[Site "Daventry"]
[Date "2022.04.17"]
[Round "4"]
[Board "15"]
[White "Hinchcliffe, Gary"]
[Black "Waterfield, Mark Bw"]
[Result "0-1"]
[WhiteElo "1854"]
[BlackElo "1832"]
[PlyCount "128"]
[EventDate "2022.04.15"]
[EventRounds "7"]
[EventCountry "ENG"]

1. d4 d5 2. Bf4 Nf6 3. e3 c5 4. c3 Nc6 5. Nf3 Qb6 6. Qb3 c4 7. Qc2 Bf5 8. Qc1
h6 9. Nbd2 e6 10. Be2 Qd8 11. Bd1 Nh5 12. Bg3 Nxg3 13. hxg3 b5 14. Bc2 Bxc2 15.
Qxc2 f5 16. g4 Qf6 17. gxf5 exf5 18. Nf1 Bd6 19. Ng3 Bxg3 20. fxg3 O-O 21. O-O
Rae8 22. Rae1 Re6 23. Re2 Rfe8 24. Ne5 Nxe5 25. Rxf5 Qg6 26. dxe5 Qxg3 27. Qd2
Rxe5 28. Rf3 Qg6 29. a3 a6 30. Qd4 Qe6 31. Rd2 Rd8 32. Qh4 Re8 33. Qd4 Rd8 34.
Qh4 Rd7 35. Qf2 Kh7 36. Rd4 Qg6 37. Rd1 Qe4 38. Re1 Rd6 39. Rf4 Qd3 40. Rf3 Qg6
41. Rg3 Rg5 42. Rxg5 Qxg5 43. Qf4 Rg6 44. Qxg5 Rxg5 45. Kf2 Kg6 46. e4 Kf6 47.
exd5 Rxd5 48. Re2 h5 49. Kg3 g5 50. Kh3 Rd3+ 51. Kh2 Kf5 52. Rf2+ Kg4 53. Re2
h4 54. Re4+ Kh5 55. Re2 Rd5 56. g3 hxg3+ 57. Kxg3 Rd3+ 58. Kg2 Kg4 59. Rf2 Rg3+
60. Kh2 Rf3 61. Rd2 Rd3 62. Rf2 Rf3 63. Rd2 Kf4 64. Kg2 Ke3  0-1

[Event "2nd Easter 4NCL Congress"]
[Site "Daventry"]
[Date "2022.04.17"]
[Round "4"]
[Board "17"]
[White "Whitmore, Darren H"]
[Black "Winter, Kevin"]
[Result "1-0"]
[WhiteElo "1874"]
[BlackElo "1760"]
[PlyCount "75"]
[EventDate "2022.04.15"]
[EventRounds "7"]
[EventCountry "ENG"]

1. e4 d6 2. Bc4 Nf6 3. Nc3 Nbd7 4. Nf3 h6 5. O-O e5 6. a4 Be7 7. a5 c6 8. d3 g5
9. d4 Qc7 10. b4 Nf8 11. Bb2 Ng6 12. Re1 Bg4 13. h3 Bd7 14. b5 Nf4 15. dxe5
dxe5 16. bxc6 bxc6 17. Ne2 Bd6 18. Ng3 g4 19. hxg4 Bxg4 20. Nf5 Bxf5 21. exf5
Nd7 22. Qd4 O-O-O 23. Ba6+ Kb8 24. Nxe5 Bxe5 25. Rxe5 Nxe5 26. Qxe5 Rhe8 27.
Qc5 Ne2+ 28. Kf1 Rd5 29. Qb4+ Ka8 30. Bxe2 Qh2 31. f3 Qh1+ 32. Kf2 Rxe2+ 33.
Kxe2 Qxg2+ 34. Ke3 Qg5+ 35. Qf4 Qe7+ 36. Qe4 Qg5+ 37. f4 Qg3+ 38. Qf3  1-0

[Event "2nd Easter 4NCL Congress"]
[Site "Daventry"]
[Date "2022.04.17"]
[Round "4"]
[Board "18"]
[White "Pitt, Chris W"]
[Black "Gaffney, Samuel"]
[Result "0-1"]
[WhiteElo "1642"]
[BlackElo "1866"]
[PlyCount "70"]
[EventDate "2022.04.15"]
[EventRounds "7"]
[EventCountry "ENG"]

1. e4 d5 2. exd5 Qxd5 3. Nc3 Qa5 4. d4 Nf6 5. Nf3 Bf5 6. Ne5 c6 7. g4 Be6 8.
Bc4 Nbd7 9. Bxe6 Nxe5 10. g5 Nfd7 11. f4 Nf3+ 12. Qxf3 fxe6 13. Bd2 Qf5 14.
O-O-O g6 15. Rhf1 Bg7 16. Be3 O-O-O 17. Kb1 Nb6 18. Ne4 Rd5 19. Kc1 Rhd8 20. c3
Ra5 21. a3 Rb5 22. Nc5 Nc4 23. Rf2 Nxa3 24. bxa3 Rb1+ 25. Kd2 Rxd1+ 26. Kxd1
Qxc5 27. Kc2 Qxa3 28. Qh3 Qa2+ 29. Kd3 Qb1+ 30. Kd2 Qf5 31. Qxh7 Bf8 32. h4 Rd5
33. Ke1 Ra5 34. h5 Ra1+ 35. Kd2 Qb1  0-1

[Event "2nd Easter 4NCL Congress"]
[Site "Daventry"]
[Date "2022.04.17"]
[Round "4"]
[Board "19"]
[White "Fava, Lorenzo"]
[Black "Nilsson, Adam"]
[Result "1-0"]
[WhiteElo "1846"]
[BlackElo "1744"]
[PlyCount "51"]
[EventDate "2022.04.15"]
[EventRounds "7"]
[EventCountry "ENG"]

1. e4 e6 2. d4 d5 3. Nc3 Nf6 4. Bg5 Be7 5. e5 Nfd7 6. Bxe7 Qxe7 7. f4 a6 8. Qg4
O-O 9. Bd3 c5 10. Nf3 f5 11. Qg3 Nc6 12. Qf2 cxd4 13. Nxd4 Nc5 14. O-O Ne4 15.
Bxe4 dxe4 16. Nxc6 bxc6 17. Na4 Rd8 18. Rfd1 Bb7 19. Qc5 Qxc5+ 20. Nxc5 Rd5 21.
Rxd5 exd5 22. Nxb7 Rb8 23. Na5 Rb6 24. Rd1 Kf7 25. c4 Ke6 26. Nxc6  1-0

[Event "2nd Easter 4NCL Congress"]
[Site "Daventry"]
[Date "2022.04.17"]
[Round "4"]
[Board "20"]
[White "Isik, Muhammed Oguz"]
[Black "Georgiou, George"]
[Result "1-0"]
[WhiteElo "1492"]
[BlackElo "1807"]
[PlyCount "109"]
[EventDate "2022.04.15"]
[EventRounds "7"]
[EventCountry "ENG"]

1. e4 c6 2. d4 d5 3. exd5 cxd5 4. c4 Nf6 5. Nc3 e6 6. c5 Be7 7. Nf3 O-O 8. Bf4
Bd7 9. b4 b6 10. Bb5 bxc5 11. dxc5 a6 12. Bxd7 Qxd7 13. O-O Nc6 14. Ne5 Nxe5
15. Bxe5 Rfc8 16. Na4 Bd8 17. Rc1 Qb5 18. a3 Nd7 19. Nc3 Qb7 20. Bd6 Bf6 21. f4
Qa7 22. f5 Qb7 23. fxe6 fxe6 24. Qg4 Re8 25. Nd1 Rac8 26. Rc2 Be5 27. Bxe5 Nxe5
28. Qg3 Nc6 29. Rf4 Rf8 30. Rg4 Rf7 31. Rf2 Rxf2 32. Nxf2 Re8 33. h4 e5 34. Qd3
Rd8 35. h5 h6 36. Qg6 Kh8 37. Nh1 Rf8 38. Ng3 Rf6 39. Qe8+ Kh7 40. Rg6 Qe7 41.
Qxe7 Nxe7 42. Rxf6 gxf6 43. a4 Kg8 44. b5 axb5 45. axb5 Kf7 46. b6 Ke8 47. b7
Nc6 48. Nf5 Kd7 49. Nxh6 Kc7 50. Nf5 Kxb7 51. h6 Nd8 52. Nd6+ Kc6 53. h7 Kxc5
54. h8=Q Kxd6 55. Qxd8+  1-0

[Event "2nd Easter 4NCL Congress"]
[Site "Daventry"]
[Date "2022.04.17"]
[Round "4"]
[Board "22"]
[White "Sunny, Saurav"]
[Black "Fisher, Neal"]
[Result "1-0"]
[WhiteElo "1818"]
[BlackElo "1732"]
[PlyCount "103"]
[EventDate "2022.04.15"]
[EventRounds "7"]
[EventCountry "ENG"]

{[%evp 0,16,19,38,25,16,14,26,-11,7,59,42,63,77,61,61,78,87,75]} 1. e4 e5 2.
Nf3 Nc6 3. d4 exd4 4. Nxd4 Nxd4 5. Qxd4 d6 6. Bf4 Nf6 7. Nc3 c6 8. O-O-O Be7 9.
Bxd6 Bxd6 10. Qxd6 Qxd6 11. Rxd6 O-O 12. f3 Be6 13. Be2 Rfd8 14. Rhd1 Rxd6 15.
Rxd6 Kf8 16. h3 Ke7 17. Rd2 Rd8 18. g4 Rxd2 19. Kxd2 h6 20. f4 Ne8 21. b3 f6
22. Ke3 Kd6 23. Na4 b6 24. Nb2 Nc7 25. a4 c5 26. Bc4 Kc6 27. Bxe6 Nxe6 28. c3
a5 29. Nc4 Nc7 30. h4 Ne8 31. e5 b5 32. axb5+ Kxb5 33. Na3+ Kc6 34. Ke4 fxe5
35. fxe5 g6 36. c4 Nc7 37. h5 gxh5 38. gxh5 Ne6 39. Kf5 Kd7 40. Nb5 Ke7 41. Kg6
Nf4+ 42. Kxh6 Nxh5 43. Kxh5 Ke6 44. Kg6 Kxe5 45. Kf7 Ke4 46. Ke6 Kd3 47. Kd5
Kc2 48. Kxc5 Kxb3 49. Nd4+ Kc3 50. Nc6 a4 51. Nb4 a3 52. Kb5  1-0

[Event "2nd Easter 4NCL Congress"]
[Site "Daventry"]
[Date "2022.04.17"]
[Round "4"]
[Board "23"]
[White "Willow, Hambel M"]
[Black "Murphy, Ross"]
[Result "0-1"]
[WhiteElo "1751"]
[BlackElo "1730"]
[PlyCount "156"]
[EventDate "2022.04.15"]
[EventRounds "7"]
[EventCountry "ENG"]

{[%evp 0,22,28,40,80,29,23,23,50,44,59,29,66,58,58,66,88,78,95,-33,61,51,36,12,
47]} 1. d4 d6 2. c4 Nf6 3. Nc3 c6 4. Nf3 Bg4 5. e4 Qa5 6. Bd3 e5 7. d5 cxd5 8.
cxd5 Be7 9. Bb5+ Nbd7 10. O-O O-O 11. Re1 a6 12. Bxd7 Nxd7 13. h3 Bh5 14. a3 b5
15. Bd2 Qb6 16. Rc1 Rac8 17. Be3 Qb7 18. g4 Bg6 19. Kh2 Nc5 20. Bxc5 Rxc5 21.
Qd2 Rfc8 22. Qe3 a5 23. Ne2 Rc4 24. Ng3 Bd8 25. Nf5 Bxf5 26. gxf5 Bb6 27. Qg5
f6 28. Qd2 Rxc1 29. Rxc1 Rxc1 30. Qxc1 Bxf2 31. Qc2 Bb6 32. a4 Bc5 33. Qb3 Bb4
34. Qc2 bxa4 35. Qxa4 Kf8 36. Qc2 Ke7 37. Nd2 Bxd2 38. Qxd2 Qb4 39. Qc2 Qb7 40.
Qc3 a4 41. Qc2 h6 42. Qxa4 Qxb2+ 43. Kg3 Qc3+ 44. Kh2 Qd2+ 45. Kh1 Qe1+ 46. Kg2
Qe2+ 47. Kg1 Qe3+ 48. Kg2 Qb6 49. Qc2 Kd8 50. Kf3 Qg1 51. Qc6 Qf1+ 52. Kg3 Qf4+
53. Kg2 Qxe4+ 54. Kh2 Qe2+ 55. Kg3 Qe3+ 56. Kg2 Qc5 57. Qa8+ Qc8 58. Qa5+ Ke7
59. Qa7+ Qd7 60. Qf2 Qb7 61. Qa2 Qc7 62. Qb3 Kf7 63. Kg3 Qd7 64. Qf3 Kg8 65.
Qg4 Qf7 66. Qc4 Qe7 67. Kf3 Kf7 68. Ke4 Qb7 69. Kf3 Qd7 70. Ke4 g6 71. fxg6+
Kxg6 72. Qc6 Qf5+ 73. Ke3 Qxh3+ 74. Ke2 Qa3 75. Qe8+ Kg5 76. Qg8+ Kf5 77. Qf7
Qb2+ 78. Kd1 Ke4  0-1

[Event "2nd Easter 4NCL Congress"]
[Site "Daventry"]
[Date "2022.04.17"]
[Round "5"]
[Board "1"]
[White "Mckay, Jonathan"]
[Black "Obi, Okwose Marc"]
[Result "1-0"]
[WhiteElo "1964"]
[BlackElo "1921"]
[PlyCount "43"]
[EventDate "2022.04.15"]
[EventRounds "7"]
[EventCountry "ENG"]

1. e4 d6 2. d4 Nf6 3. Nc3 Nbd7 4. f4 e5 5. Nf3 exd4 6. Qxd4 Be7 7. Be3 O-O 8.
O-O-O Ng4 9. Bg1 Bf6 10. Qd2 Bxc3 11. Qxc3 Qe7 12. Bd3 Nc5 13. Bxc5 dxc5 14.
Qe1 Be6 15. h3 Nf6 16. e5 Ne8 17. f5 Bd7 18. f6 gxf6 19. Qh4 h6 20. Qxh6 f5 21.
Ng5 f6 22. Bc4+  1-0

[Event "2nd Easter 4NCL Congress"]
[Site "Daventry"]
[Date "2022.04.17"]
[Round "5"]
[Board "2"]
[White "Gibbs, Dominic V"]
[Black "Manawadu, Dilhan"]
[Result "1/2-1/2"]
[WhiteElo "1993"]
[BlackElo "1941"]
[PlyCount "141"]
[EventDate "2022.04.15"]
[EventRounds "7"]
[EventCountry "ENG"]

1. e4 c5 2. Nf3 d6 3. c3 Nf6 4. Bd3 a6 5. O-O Bg4 6. Be2 Nc6 7. d3 g6 8. Nbd2
Bg7 9. h3 Bd7 10. d4 cxd4 11. cxd4 O-O 12. Bd3 Nb4 13. Bb1 Bb5 14. Re1 Nd3 15.
Bxd3 Bxd3 16. Qb3 Bb5 17. a4 Qa5 18. Ra3 Bc6 19. d5 Bd7 20. Nc4 Qc7 21. Nb6
Rad8 22. Bf4 Bb5 23. axb5 Qxb6 24. bxa6 Qxb3 25. Rxb3 bxa6 26. Ra3 Ra8 27. Nd2
Nh5 28. Bg5 Bxb2 29. Ra2 Bf6 30. Bxf6 Nxf6 31. Rea1 Rfb8 32. f3 Rb6 33. Kf2 Nd7
34. Nc4 Rb4 35. Ne3 Nc5 36. Rd1 a5 37. Nc2 Rb6 38. Ke2 a4 39. Na3 Rab8 40. Rdd2
Rb4 41. Kd1 Kg7 42. Ke2 Kf6 43. Nc2 Rb2 44. Nd4 Rxd2+ 45. Kxd2 Nb3+ 46. Kc3
Nxd4 47. Kxd4 Ra8 48. Ra3 g5 49. g3 e6 50. dxe6 fxe6 51. Ke3 Ra5 52. f4 gxf4+
53. Kxf4 d5 54. exd5 exd5 55. g4 Rc5 56. Kf3 Rc4 57. Ke3 Ke5 58. Ke2 d4 59. Kd2
Ke4 60. Ra1 Rc3 61. Rxa4 Rxh3 62. Ra7 Rh2+ 63. Kc1 d3 64. Re7+ Kf4 65. Rd7 Rh3
66. Rg7 Rh2 67. Kd1 d2 68. g5 Kf5 69. Rg8 Rg2 70. Rg7 Rxg5 71. Rxh7  1/2-1/2

[Event "2nd Easter 4NCL Congress"]
[Site "Daventry"]
[Date "2022.04.17"]
[Round "5"]
[Board "3"]
[White "Kay, Lee P"]
[Black "Angheluta, Ovidiu"]
[Result "1-0"]
[WhiteElo "1978"]
[BlackElo "1992"]
[PlyCount "97"]
[EventDate "2022.04.15"]
[EventRounds "7"]
[EventCountry "ENG"]

1. d4 Nf6 2. Bg5 e6 3. e4 h6 4. Bxf6 Qxf6 5. Nf3 d6 6. Nc3 c6 7. Qd2 e5 8.
O-O-O Be7 9. Kb1 g5 10. h3 h5 11. Be2 Rg8 12. Rdf1 Nd7 13. dxe5 dxe5 14. Ne1
Qg6 15. Nd3 f6 16. g3 Nb6 17. f4 exf4 18. gxf4 Nc4 19. Qc1 f5 20. Ne5 Nxe5 21.
fxe5 fxe4 22. Qe3 Be6 23. Nxe4 O-O-O 24. Nf6 Rh8 25. Bd3 Qh6 26. Qxa7 Rhf8 27.
Ba6 bxa6 28. Qxe7 Bc4 29. Rd1 Bd5 30. Nxd5 cxd5 31. Qc5+ Kb8 32. Rxd5 Rxd5 33.
Qxd5 Re8 34. a4 Qe6 35. Qxe6 Rxe6 36. Re1 g4 37. hxg4 hxg4 38. c3 Kc7 39. Kc2
Kc6 40. Kd3 Kd5 41. b4 Rc6 42. e6 Rc8 43. e7 Re8 44. c4+ Kd6 45. b5 Kc5 46.
Re5+ Kd6 47. Re4 g3 48. Ke3 Kc5 49. Kf3  1-0

[Event "2nd Easter 4NCL Congress"]
[Site "Daventry"]
[Date "2022.04.17"]
[Round "5"]
[Board "4"]
[White "Gostelow, Luke"]
[Black "Ortiz Sanchez, Luis"]
[Result "0-1"]
[WhiteElo "1867"]
[BlackElo "1987"]
[PlyCount "136"]
[EventDate "2022.04.15"]
[EventRounds "7"]
[EventCountry "ENG"]

1. c4 e5 2. Nf3 e4 3. Nd4 Nf6 4. e3 Nc6 5. Nc3 Bb4 6. Qc2 Bxc3 7. Qxc3 O-O 8.
Be2 Re8 9. O-O Ne7 10. b4 d6 11. h3 Ng6 12. Bb2 d5 13. f4 exf3 14. Nxf3 c6 15.
Bd3 Qd6 16. Rf2 Qg3 17. Bxg6 hxg6 18. cxd5 Qxf2+ 19. Kxf2 Ne4+ 20. Ke2 Nxc3+
21. Bxc3 cxd5 22. Rf1 Bd7 23. Nd4 a6 24. Nb3 Bb5+ 25. d3 Rac8 26. Kd2 Re7 27.
Nd4 Ba4 28. Nf3 f6 29. Nh4 Kf7 30. Nf3 Rec7 31. Rc1 Bd7 32. Nd4 g5 33. Ne2 Rh8
34. Rh1 Rcc8 35. Bd4 Rh7 36. a3 Rch8 37. Rf1 g4 38. Nf4 gxh3 39. gxh3 Be6 40.
Rc1 Rd8 41. Rf1 Bxh3 42. Rh1 Bf5 43. Rf1 Rh2+ 44. Kc3 Bh3 45. Rf3 Bg4 46. Rg3
Bd1 47. Bc5 g5 48. Ng2 Rdh8 49. e4 dxe4 50. dxe4 R8h3 51. Rxh3 Rxh3+ 52. Ne3
Ba4 53. Kd4 Bb5 54. e5 Ke6 55. exf6 Kxf6 56. Bd6 Ke6 57. Bc5 Rh4+ 58. Kc3 g4
59. Ng2 Rh3+ 60. Kd4 Rxa3 61. Ne3 Be2 62. Ke4 Bf3+ 63. Kf4 Rc3 64. Bb6 Kd7 65.
Ba5 Rc1 66. Nxg4 Bxg4 67. Kxg4 Kc6 68. Bd8 Rc4+  0-1

[Event "2nd Easter 4NCL Congress"]
[Site "Daventry"]
[Date "2022.04.17"]
[Round "5"]
[Board "5"]
[White "Arora, Tashika"]
[Black "Boutsias, Jason"]
[Result "1-0"]
[WhiteElo "1986"]
[BlackElo "1638"]
[PlyCount "131"]
[EventDate "2022.04.15"]
[EventRounds "7"]
[EventCountry "ENG"]

1. d4 Nf6 2. c4 g6 3. Nc3 d5 4. g3 Bg7 5. Bg2 e6 6. Nf3 b6 7. Ne5 O-O 8. O-O
Bb7 9. Bg5 h6 10. Bc1 Nbd7 11. f4 Rb8 12. b3 c5 13. cxd5 Nxd5 14. Nxd5 exd5 15.
e3 Nf6 16. Ba3 Rc8 17. Rc1 Ne4 18. Qd3 Re8 19. Bh3 Rc7 20. Rfd1 Bf8 21. Rc2 c4
22. bxc4 dxc4 23. Nxc4 b5 24. Ne5 Rxc2 25. Qxc2 Bxa3 26. Qb3 Rxe5 27. fxe5 Qa5
28. Rf1 Ng5 29. Bg2 Bxg2 30. Kxg2 Qb4 31. Qxb4 Bxb4 32. Rb1 Bd2 33. Rxb5 Bxe3
34. d5 Bd4 35. d6 Ne6 36. a4 f6 37. exf6 Kf7 38. Rb7+ Kxf6 39. a5 Ke5 40. d7
Kd6 41. Kf3 Nd8 42. Rb3 Bg1 43. Rd3+ Ke7 44. h3 Ne6 45. Rd5 Kd8 46. Ke4 Ng5+
47. Ke5 Nxh3 48. Kd6 Bf2 49. Kc6 Bxg3 50. Rd3 Bh4 51. Rxh3 Bg5 52. Rf3 Ke7 53.
Kc7 Ke6 54. Rh3 h5 55. d8=Q Bxd8+ 56. Kxd8 Kf5 57. Kc7 Kg4 58. Ra3 h4 59. Kb7
h3 60. Kxa7 h2 61. Ra1 g5 62. Kb6 Kh3 63. a6 g4 64. a7 g3 65. a8=Q g2 66. Ra3+
 1-0

[Event "2nd Easter 4NCL Congress"]
[Site "Daventry"]
[Date "2022.04.17"]
[Round "5"]
[Board "6"]
[White "Ashcroft, Graham J"]
[Black "Waterfield, Mark Bw"]
[Result "1-0"]
[WhiteElo "1982"]
[BlackElo "1832"]
[PlyCount "75"]
[EventDate "2022.04.15"]
[EventRounds "7"]
[EventCountry "ENG"]

1. c4 e6 2. Nf3 d5 3. b3 Nf6 4. Bb2 Be7 5. g3 O-O 6. Bg2 c5 7. O-O Nc6 8. e3 a6
9. cxd5 exd5 10. d4 b6 11. Nc3 Qd6 12. Na4 Rb8 13. Rc1 cxd4 14. Nxd4 Bd7 15.
Nxc6 Bxc6 16. Nc3 Rfd8 17. Qd3 Bb7 18. Rfd1 Qe6 19. Ne2 Ne4 20. Nf4 Qf5 21. f3
g5 22. fxe4 dxe4 23. Qc3 f6 24. Nh5 Rf8 25. Rf1 Qc5 26. Nxf6+ Rxf6 27. Rxf6
Qxc3 28. Bxc3 Bxf6 29. Bxf6 h6 30. Bf1 Kf7 31. Be5 Re8 32. Rc7+ Ke6 33. Rxb7
Kxe5 34. Rxb6 h5 35. Rxa6 Kf5 36. Ra5+ Kg4 37. Kg2 h4 38. Be2#  1-0

[Event "2nd Easter 4NCL Congress"]
[Site "Daventry"]
[Date "2022.04.17"]
[Round "5"]
[Board "7"]
[White "Tart, Peter K"]
[Black "Neatherway, A Philip"]
[Result "1/2-1/2"]
[WhiteElo "1962"]
[BlackElo "1823"]
[PlyCount "60"]
[EventDate "2022.04.15"]
[EventRounds "7"]
[EventCountry "ENG"]

1. e4 e6 2. d4 d5 3. exd5 exd5 4. Bd3 c5 5. Qe2+ Qe7 6. dxc5 Qxe2+ 7. Nxe2 Bxc5
8. Nbc3 Ne7 9. Bf4 a6 10. Na4 Ba7 11. Bc7 Nd7 12. b4 b5 13. Nac3 Bb7 14. a4
bxa4 15. Rxa4 O-O 16. O-O Rfc8 17. Bd6 Ng6 18. Rfa1 Rc6 19. Bg3 Rf6 20. Ra5
Nde5 21. Bxg6 Nxg6 22. b5 Ne7 23. Bh4 g5 24. Bg3 Nf5 25. bxa6 Nxg3 26. Nxg3
Bxf2+ 27. Kh1 Rfxa6 28. Rxa6 Rxa6 29. Rxa6 Bxa6 30. Nxd5 Bxg3  1/2-1/2

[Event "2nd Easter 4NCL Congress"]
[Site "Daventry"]
[Date "2022.04.17"]
[Round "5"]
[Board "9"]
[White "Tomlinson, Zak"]
[Black "Moss, Jack O"]
[Result "0-1"]
[WhiteElo "1855"]
[BlackElo "1659"]
[PlyCount "56"]
[EventDate "2022.04.15"]
[EventRounds "7"]
[EventCountry "ENG"]

1. e4 e5 2. Nf3 Nc6 3. Bb5 Nge7 4. O-O g6 5. c3 Bg7 6. d4 a6 7. Ba4 exd4 8.
cxd4 b5 9. Bb3 Na5 10. Bd2 Nxb3 11. Qxb3 O-O 12. Nc3 d6 13. Bg5 h6 14. Bxe7
Qxe7 15. Nd5 Qd8 16. Qc2 Bb7 17. Qxc7 Qxc7 18. Nxc7 Rac8 19. Nd5 Rfe8 20. Rfe1
f5 21. Nc3 b4 22. Ne2 Bxe4 23. Nd2 Rc2 24. Nb3 Bd5 25. Nf4 Rxe1+ 26. Rxe1 Bxb3
27. axb3 Bxd4 28. Nd3 Rd2  0-1

[Event "2nd Easter 4NCL Congress"]
[Site "Daventry"]
[Date "2022.04.17"]
[Round "5"]
[Board "10"]
[White "Curran, David P"]
[Black "Fallowfield, Nicholas"]
[Result "0-1"]
[WhiteElo "1734"]
[BlackElo "1959"]
[PlyCount "67"]
[EventDate "2022.04.15"]
[EventRounds "7"]
[EventCountry "ENG"]

1. d4 d5 2. c4 Nc6 3. Nf3 Bg4 4. cxd5 Bxf3 5. dxc6 Bxc6 6. Nc3 e6 7. a3 f5 8.
e3 Qd7 9. e4 O-O-O 10. Be3 Nf6 11. Bd3 fxe4 12. Be2 Kb8 13. h3 Nd5 14. Nxd5
exd5 15. O-O Bd6 16. a4 Bb4 17. b3 Rhf8 18. Ra2 Rf6 19. Bg5 Be7 20. Bxf6 gxf6
21. Qd2 Rg8 22. Kh1 Bd6 23. Rg1 Qg7 24. Bb5 Bd7 25. Bxd7 Qxd7 26. b4 f5 27. f4
Qe7 28. g3 Bxb4 29. Qb2 a5 30. Qb3 c6 31. Re2 Qf6 32. g4 Qxd4 33. Qe3 Qxe3 34.
Rxe3  0-1

[Event "2nd Easter 4NCL Congress"]
[Site "Daventry"]
[Date "2022.04.17"]
[Round "5"]
[Board "11"]
[White "Dean, Robert A"]
[Black "Fellowes, Billy"]
[Result "0-1"]
[WhiteElo "1909"]
[BlackElo "1612"]
[PlyCount "96"]
[EventDate "2022.04.15"]
[EventRounds "7"]
[EventCountry "ENG"]

1. e4 Nc6 2. d4 d5 3. e5 Bf5 4. Bb5 e6 5. Nf3 a6 6. Bxc6+ bxc6 7. Nbd2 c5 8.
O-O cxd4 9. Nxd4 Bg6 10. N2f3 c5 11. Ne2 Ne7 12. Nf4 Qc7 13. Re1 Bf5 14. h3 Ng6
15. c3 Be7 16. Qa4+ Qd7 17. Qxd7+ Kxd7 18. Nh5 Rhg8 19. b3 Be4 20. Nd2 Nxe5 21.
Nxe4 dxe4 22. Rxe4 Nc6 23. Ba3 Na7 24. Rc4 Kc6 25. Rd1 Nb5 26. Bb2 g6 27. Nf4
Rgd8 28. Nd3 Kb6 29. a4 Nc7 30. Ba3 Rd5 31. Nb2 Rad8 32. Rxd5 Rxd5 33. Rf4 f5
34. Rf3 Kc6 35. Re3 Bg5 36. Re2 Bd2 37. c4 Rd3 38. Re5 Bb4 39. Bxb4 cxb4 40. a5
Kd7 41. Kh2 Rd2 42. Na4 Rxf2 43. Rc5 Kd6 44. Kg3 Ra2 45. Rxc7 Kxc7 46. Nc5 Rxa5
47. Nxe6+ Kd6 48. Nf8 Ra3  0-1

[Event "2nd Easter 4NCL Congress"]
[Site "Daventry"]
[Date "2022.04.17"]
[Round "5"]
[Board "12"]
[White "Vijayakumar, Rishi"]
[Black "Whitmore, Darren H"]
[Result "1-0"]
[WhiteElo "1722"]
[BlackElo "1874"]
[PlyCount "109"]
[EventDate "2022.04.15"]
[EventRounds "7"]
[EventCountry "ENG"]

1. d4 c5 2. d5 e5 3. Nc3 d6 4. e4 Be7 5. Nf3 Bg4 6. Be2 Nf6 7. Be3 O-O 8. a3
Nbd7 9. Qd2 a6 10. a4 b5 11. axb5 axb5 12. Rxa8 Qxa8 13. Bxb5 Qa1+ 14. Qc1 Qa5
15. Nd2 Nb6 16. O-O Ra8 17. Bc6 Ra6 18. h3 Bh5 19. Qe1 Qb4 20. Qb1 Bg6 21. Na2
Qa5 22. Nc3 Nh5 23. Nb3 Qb4 24. Qd1 Nc4 25. Bc1 Nf4 26. g3 Nxh3+ 27. Kh2 Ng5
28. Bxg5 Bxg5 29. Qg4 Bd8 30. Qd7 h6 31. Qxd8+ Kh7 32. Bb5 Nxb2 33. Bxa6 Qxc3
34. Qh4 Qxc2 35. Nc1 Bxe4 36. Qg4 Bf5 37. Qe2 Qe4 38. Qxe4 Bxe4 39. Ne2 Bxd5
40. Rb1 Bc4 41. Rxb2 Bxa6 42. Rd2 Bxe2 43. Rxe2 c4 44. Rd2 f5 45. Rxd6 g5 46.
Rc6 e4 47. Rxc4 Kg6 48. Rc6+ Kh5 49. Rf6 Kg4 50. Rxh6 Kf3 51. Rf6 f4 52. gxf4
g4 53. Kg1 g3 54. fxg3 e3 55. Kf1  1-0

[Event "2nd Easter 4NCL Congress"]
[Site "Daventry"]
[Date "2022.04.17"]
[Round "5"]
[Board "13"]
[White "Wheeler, Tim"]
[Black "Stephens, Graeme"]
[Result "1-0"]
[WhiteElo "1703"]
[BlackElo "1856"]
[PlyCount "125"]
[EventDate "2022.04.15"]
[EventRounds "7"]
[EventCountry "ENG"]

1. e4 e5 2. Nf3 Nc6 3. Bb5 a6 4. Ba4 Nf6 5. O-O Be7 6. Re1 b5 7. Bb3 O-O 8. d3
d6 9. c3 Bg4 10. Nbd2 d5 11. Qe2 dxe4 12. dxe4 Nd7 13. Bd5 Ndb8 14. a4 Ra7 15.
h3 Be6 16. Bxe6 fxe6 17. axb5 axb5 18. Rxa7 Nxa7 19. Nxe5 Bc5 20. Ndf3 b4 21.
Rd1 Qe8 22. Qc4 Bd6 23. cxb4 Nbc6 24. Nxc6 Nxc6 25. Nd4 Ne5 26. Qxe6+ Qxe6 27.
Nxe6 Rb8 28. f4 Ng6 29. e5 Bxb4 30. Rd8+ Rxd8 31. Nxd8 Be1 32. Kh2 h5 33. g3 h4
34. gxh4 Nxh4 35. Nc6 Kf7 36. Nd4 c5 37. Nc2 Ba5 38. Be3 c4 39. Kg3 Nf5+ 40.
Kf3 c3 41. bxc3 Bxc3 42. Bf2 Ke6 43. Ke4 Ne7 44. Ne3 g6 45. Bh4 Nc6 46. Nd5 Bb2
47. Bf2 Bc1 48. Bg3 Bb2 49. Ne3 Ne7 50. Ng2 Nf5 51. Bf2 Ba3 52. Nh4 Ne7 53.
Nxg6 Nxg6 54. f5+ Kf7 55. fxg6+ Kxg6 56. Bh4 Kf7 57. Kf5 Bf8 58. Bf6 Bc5 59. h4
Bf8 60. h5 Bc5 61. e6+ Kg8 62. Kg6 Bf8 63. h6  1-0

[Event "2nd Easter 4NCL Congress"]
[Site "Daventry"]
[Date "2022.04.17"]
[Round "5"]
[Board "14"]
[White "Macphail, Kieran"]
[Black "Isik, Muhammed Oguz"]
[Result "0-1"]
[WhiteElo "1849"]
[BlackElo "1492"]
[PlyCount "76"]
[EventDate "2022.04.15"]
[EventRounds "7"]
[EventCountry "ENG"]

1. e4 e5 2. Nf3 Nc6 3. Nc3 Nf6 4. d4 exd4 5. Nxd4 Bc5 6. Be3 Nxd4 7. Bxd4 Qe7
8. Be2 O-O 9. O-O Bxd4 10. Qxd4 c5 11. Qd3 d6 12. Rad1 Rd8 13. h3 a6 14. Bf3
Be6 15. Rfe1 Rab8 16. a4 b5 17. axb5 axb5 18. Nd5 Bxd5 19. exd5 Qd7 20. Ra1 c4
21. Qa3 Qf5 22. Qa7 Qxc2 23. Re7 Qxb2 24. Rxf7 Qxa1+ 25. Qxa1 Kxf7 26. Qa7+ Kg8
27. g4 c3 28. Bd1 b4 29. g5 Ne4 30. Qd4 Nxg5 31. Qg4 b3 32. Bxb3 Rxb3 33. Qxg5
Rbb8 34. Qc1 Re8 35. Qf4 c2 36. Qxd6 c1=Q+ 37. Kg2 Qg5+ 38. Kh2 Qf6  0-1

[Event "2nd Easter 4NCL Congress"]
[Site "Daventry"]
[Date "2022.04.17"]
[Round "5"]
[Board "15"]
[White "Pyun, Lindsay"]
[Black "Fava, Lorenzo"]
[Result "0-1"]
[WhiteElo "1569"]
[BlackElo "1846"]
[PlyCount "82"]
[EventDate "2022.04.15"]
[EventRounds "7"]
[EventCountry "ENG"]

1. e4 c5 2. Nf3 d6 3. d4 cxd4 4. Nxd4 Nf6 5. Nc3 a6 6. Be3 Ng4 7. Qd2 Nxe3 8.
Qxe3 e6 9. Bd3 Be7 10. O-O Nc6 11. a3 Qc7 12. Nxc6 bxc6 13. Rab1 d5 14. Ne2 O-O
15. Ng3 g6 16. Rfe1 Bf6 17. e5 Bg7 18. c4 Rd8 19. c5 a5 20. Qd4 Rf8 21. f4 Ba6
22. Bxa6 Rxa6 23. Nf1 Rb8 24. Nd2 a4 25. Rec1 Qa7 26. Rc2 Ra5 27. Rbc1 Bf8 28.
Nf3 Rbb5 29. Qd2 Bxc5+ 30. Kh1 Be3 31. Qd1 Bxc1 32. Qxc1 Rc5 33. h3 Rxc2 34.
Qxc2 Qc5 35. Qd2 Rb5 36. Nd4 Rb8 37. Kh2 Qb6 38. Qd1 c5 39. Nf3 Qxb2 40. Qd3 c4
41. Qe3 Rb3  0-1

[Event "2nd Easter 4NCL Congress"]
[Site "Daventry"]
[Date "2022.04.17"]
[Round "5"]
[Board "16"]
[White "Chantrell, Paul"]
[Black "Zhao, George"]
[Result "0-1"]
[WhiteElo "1783"]
[BlackElo "1540"]
[PlyCount "88"]
[EventDate "2022.04.15"]
[EventRounds "7"]
[EventCountry "ENG"]

1. e4 e6 2. d4 d5 3. e5 c5 4. c3 Nc6 5. Nf3 Bd7 6. Be2 f6 7. O-O fxe5 8. Nxe5
Nxe5 9. dxe5 Qc7 10. f4 Ne7 11. a4 Nc6 12. Kh1 Be7 13. Na3 a6 14. Bd2 O-O-O 15.
Rb1 c4 16. Nc2 h6 17. Be3 g5 18. Nd4 gxf4 19. Nxc6 Qxc6 20. Bxf4 Qxa4 21. Qd4
Qc6 22. Be3 Bg5 23. Bg1 Rhg8 24. b3 cxb3 25. Rxb3 Be7 26. Qa7 Rdf8 27. Rb6 Qc7
28. Rfb1 Bc6 29. Bxa6 bxa6 30. Qxa6+ Kd7 31. Rxc6 Qxc6 32. Rb7+ Qxb7 33. Qxb7+
Ke8 34. h3 Rf5 35. Kh2 Rfg5 36. Qb5+ Kf7 37. Qf1+ Rf5 38. Qe2 Bh4 39. g4 Rf4
40. Be3 Re4 41. Qf3+ Kg7 42. Kg2 Ra8 43. Kf1 Ra1+ 44. Kg2 Re1  0-1

[Event "2nd Easter 4NCL Congress"]
[Site "Daventry"]
[Date "2022.04.17"]
[Round "5"]
[Board "17"]
[White "Livesey, R Nigel"]
[Black "Sunny, Saurav"]
[Result "0-1"]
[WhiteElo "1864"]
[BlackElo "1818"]
[PlyCount "52"]
[EventDate "2022.04.15"]
[EventRounds "7"]
[EventCountry "ENG"]

1. c4 c5 2. g3 g6 3. Bg2 Bg7 4. Nc3 Nc6 5. Nf3 Nf6 6. O-O O-O 7. d4 cxd4 8.
Nxd4 Qb6 9. Nb3 d6 10. Be3 Qb4 11. c5 Ng4 12. Bd2 Qc4 13. cxd6 e6 14. Rc1 Qa6
15. d7 Rd8 16. dxc8=Q Raxc8 17. Bxc6 bxc6 18. e4 Ne5 19. Nc5 Qb6 20. N3a4 Qb5
21. b3 Rxd2 22. Qxd2 Nf3+ 23. Kg2 Nxd2 24. Rfd1 Qe2 25. Re1 Qf3+ 26. Kg1 Bd4
 0-1